Člověk v zrcadle svého vývoje

Gespeichert in:
Bibliographische Detailangaben
1. Verfasser: Beneš, Jan
Format: Buch
Sprache:Tschechisch
Veröffentlicht: Praha Horizont 1979
Tags: Tag hinzufügen
Keine Tags, Fügen Sie das erste Tag hinzu!

MARC

LEADER 00000nam a2200000 4500
001 0221031
005 20240822101658.3
041 0 |a cze 
044 |a CZ 
245 1 0 |a Člověk v zrcadle svého vývoje  |c Jan Beneš 
264 1 |a Praha  |b Horizont  |c 1979 
300 |a 226 s., obr. v texte 
100 1 |a Beneš, Jan